| 000 | 00390nam a2200133Ia 4500 | ||
|---|---|---|---|
| 008 | 220217s9999||||xx |||||||||||||| ||und|| | ||
| 020 | _a9788131808320 | ||
| 082 | _a510 BAL | ||
| 100 |
_aBali N.P and Goyal, Manish _99339 |
||
| 245 | 2 | _aA text book of engineering mathematics | |
| 260 |
_aLaxmi publications _bBengaluru _c2014 |
||
| 300 |
_aXXXI, 1514p. _b1095 |
||
| 650 | _aMATHEMATICS | ||
| 999 |
_c185415 _d185415 |
||